000 02080nam a2200457 c 4500
003 BLK
005 20241219112924.0
008 180411b bul|||||r ||||||| ||bul||
010 _aKNG00187969000
020 _a978-619-7067-62-0
_bиздат.: Книгопис
040 _aBLK
041 _aBUL
_cBUL
072 7 _2bullib
_aН91
_xГеография Н
080 _aОткривателски пътешествия. Експедиции
_b910.4
_x(45)(092)(02.053.2)
_z910.4(45)(092)(02.053.2)
080 _aГенуезки изследовател и търговец, прекосил Атлантическия океан и достигнал Америка
_b929 Колумб, Христофор
_x
_z929 Колумб, Христофор
700 1 _aБейдър, Бони
_eтекст
_9341692
700 1 _aХарисън, Нанси
_eил.
_9341693
700 1 _aАлександров, Георги
_eпрев.
_9365729
139 _aБейдър, Бони
_bБ 32
245 1 0 _aХристофор Колумб
_cтекст Бони Бейдър; ил. Нанси Харисън; прев. Георги Александров.
257 _aUSA
260 София
_bКнигопис
_c2015
_fСофия : Симолини 94
300 _a111 с.
_bс ил.
_c20 см
380 _aDN
490 1 _aПоредица Кой е
_vКн. 3
500 _aОриг. загл.: Who was Christopher Columbus? / Bonnie Bader
600 1 4 _aКолумб, Христофор
_981616
650 7 _aГеографски пътешествия и открития - история
_2
_9151894
650 4 _aКолумб, Христофор
_981616
653 _aоткрития
653 _aпътешествия
653 _aпътешественици
653 _aХристофор Колумб
659 _aН
852 _aЦб 280638
856 4 _qpdf
_u
856 4 _qpdf
_u
942 _cKNG
_n0
_07
944 _aCR
_c26.05.2016
_k30560
_lГеновева Генчева
944 _aED
_c06.06.2016
_kСимона_Петрова
999 _c179196
_d179196